[Event "Olimpiade 2014 - Open"]
[Site "Tromsø"]
[Date "06.08.2014"]
[Round "5.56"]
[Board "4"]
[White "Ghadimi, Mohammed Reza"]
[Black "Khader, Sami"]
[Result "0-1"]
[BlackTitle "IM"]
[WhiteElo "2172"]
[BlackElo "2352"]
[WhiteTeam "ICCD"]
[BlackTeam "Jordan"]
[WhiteFideId "24636789"]
[BlackFideId "8100500"]
[EventDate "2014.08.02"]

1. e4 c5 2. Nf3 Nc6 3. Bb5 Nf6 4. Nc3 Nd4 5. e5 Nxb5 6. Nxb5 Nd5 7. Ng5 f5 8.
exf6 Nxf6 9. Qe2 Qb6 10. c4 a6 11. Nc3 Qc6 12. O-O e6 13. f4 Be7 14. f5 O-O 15.
fxe6 dxe6 16. d3 b5 17. Bd2 e5 18. Rae1 Bb7 19. b3 Rad8 20. Nf3 Bd6 21. Bg5 Bb8
22. Nh4 Qd7 23. Bxf6 gxf6 24. Ne4 Qxd3 25. Qg4+ Kh8 26. Nf5 Rg8 27. Qh4 Rdf8 28.
Re3 Qc2 29. Rf2 Qd1+ 30. Rf1 Qg4 31. Qxg4 Rxg4 32. Nfg3 f5 33. Nxc5 bxc4 34. Rc3
Ba7 35. b4 Bc8 36. Rfc1 Rfg8 37. R1c2 f4 38. Ne4 Bf5 39. Nf6 Bxc2 40. Nxg4 Bb1
41. Nxe5 Bxa2 42. Nxc4 f3 43. g3 Rg4 44. Ne3 Rxb4 45. Nxa6 Rb2 46. Nc5 Re2 47.
Ng4 Be6 48. h3 Bxg4 49. hxg4 Re5 50. Kf2 Bxc5+ 51. Kxf3 Bf8 52. Rc7 Kg8 53. Rd7
Be7 54. Rd3 Kf7 55. Rb3 Re6 56. Rd3 Kg6 57. Rd5 Bg5 58. Rd3 Rf6+ 59. Kg2 Re6 60.
Kf3 Bf6 61. Rb3 Be5 62. Re3 Kg5 63. Re4 Rf6+ 64. Kg2 Bb8 65. Re8 Rb6 66. Rg8+
Kf6 67. Rf8+ Kg6 68. Rf3 Kg5 69. Rf7 h6 70. Kh3 Rb3 71. Rf5+ Kg6 72. Rc5 Bxg3
73. Rc6+ Kg7 74. Kg2 Be5 75. Re6 Bf6 76. Re4 Kg6 77. Ra4 Kg5 78. Rc4 Be7 79. Rd4
Ba3 80. Kh2 Bc1 0-1

[Event "Olimpiade 2014 - Open"]
[Site "Tromsø"]
[Date "06.08.2014"]
[Round "5.57"]
[Board "1"]
[White "Alice, Mateus Felizardo Viageiro"]
[Black "Wiedenkeller, Michael"]
[Result "1/2-1/2"]
[WhiteTitle "FM"]
[BlackTitle "IM"]
[WhiteElo "2121"]
[BlackElo "2471"]
[WhiteTeam "Mozambique"]
[BlackTeam "Luxembourg"]
[WhiteFideId "14800047"]
[BlackFideId "1700146"]
[EventDate "2014.08.02"]

1. d4 Nf6 2. c4 e6 3. Nc3 Bb4 4. Qc2 O-O 5. a3 Bxc3+ 6. Qxc3 b6 7. Nf3 Bb7 8.
Bg5 h6 9. Bh4 d6 10. e3 Nbd7 11. Be2 g5 12. Bg3 Ne4 13. Qc2 f5 14. Bd3 Qf6 15.
h3 e5 16. Bh2 exd4 17. Nxd4 Ndc5 18. Be2 Ne6 19. Nxe6 Qxe6 20. O-O a5 21. b4
axb4 22. axb4 Qf6 23. Rxa8 Rxa8 24. Bd3 Ra1 25. f3 Rxf1+ 26. Bxf1 Qc3 27. Qd3
Qxb4 28. fxe4 Bxe4 29. Qe2 Qc3 30. Bg3 Kg7 31. Be1 Qc2 32. Qxc2 Bxc2 33. Bc3+
Kg6 34. Kf2 h5 35. Be2 h4 36. g3 hxg3+ 37. Kxg3 Be4 38. Bf1 Bc2 39. Bg2 Bd3 40.
Bd5 Bf1 41. h4 gxh4+ 42. Kxh4 b5 43. cxb5 Bxb5 44. Kg3 c6 45. Be6 Bd3 46. Kf4
Be4 47. Bd7 c5 48. Be8+ Kh6 49. Bf6 d5 50. Bc6 Kg6 51. Be5 d4 52. Be8+ Kh7 53.
exd4 cxd4 54. Bxd4 Bd5 55. Bf6 Kg8 56. Bg6 Bb3 57. Kg5 f4 58. Kxf4 Ba2 59. Kg5
Bb3 60. Kh6 Ba2 61. Bg7 Bb3 1/2-1/2

[Event "Olimpiade 2014 - Open"]
[Site "Tromsø"]
[Date "06.08.2014"]
[Round "5.57"]
[Board "2"]
[White "Berend, Fred"]
[Black "Mucongoma, Miguel Jose Maconi"]
[Result "1-0"]
[WhiteTitle "IM"]
[BlackTitle "FM"]
[WhiteElo "2380"]
[BlackElo "2194"]
[WhiteTeam "Luxembourg"]
[BlackTeam "Mozambique"]
[WhiteFideId "4000102"]
[BlackFideId "14800080"]
[EventDate "2014.08.02"]

1. d4 Nf6 2. c4 d5 3. cxd5 Nxd5 4. Nf3 g6 5. e4 Nb6 6. Be3 Bg7 7. Be2 c6 8. h3
O-O 9. O-O N8d7 10. Nc3 Re8 11. a4 Nf8 12. a5 Nbd7 13. Qb3 e6 14. e5 f6 15. Ne4
fxe5 16. Nd6 Re7 17. Bg5 Bf6 18. Bxf6 Nxf6 19. dxe5 Nd5 20. Ng5 Nd7 21. Qg3 Qf8
22. f4 Qd8 23. Ra3 b6 24. Qh4 Nf8 25. Nge4 Rd7 26. Qxd8 Rxd8 27. axb6 Nxb6 28.
Nf6+ Kg7 29. Rfa1 Bd7 30. Rxa7 Rdb8 31. Bf3 Rxa7 32. Rxa7 Kh8 33. b3 h6 34. h4
Ra8 35. Rb7 Ra1+ 36. Kh2 Ra6 37. Nde4 Bc8 38. Rf7 Nbd7 39. Nc5 1-0

[Event "Olimpiade 2014 - Open"]
[Site "Tromsø"]
[Date "06.08.2014"]
[Round "5.57"]
[Board "3"]
[White "Calicoca, Wilton Inacio"]
[Black "Jeitz, Christian"]
[Result "0-1"]
[WhiteElo "2218"]
[BlackElo "2189"]
[WhiteTeam "Mozambique"]
[BlackTeam "Luxembourg"]
[WhiteFideId "14800268"]
[BlackFideId "4000803"]
[EventDate "2014.08.02"]

1. e4 c5 2. Nf3 Nc6 3. d4 cxd4 4. Nxd4 e6 5. Nb5 d6 6. c4 a6 7. Nd4 Nf6 8. Nc3
Be7 9. Be3 O-O 10. Be2 d5 11. Nxc6 bxc6 12. cxd5 exd5 13. exd5 Nxd5 14. Nxd5
cxd5 15. O-O Bf6 16. Bd4 Be6 17. b4 Re8 18. a3 Bxd4 19. Qxd4 Bf5 20. Bd3 Bxd3
21. Qxd3 Qd6 22. Rfd1 Red8 23. Rd2 Ra7 24. Qd4 Rc7 25. Rad1 h6 26. h3 Rcd7 27.
Rd3 f6 28. Re3 Re7 29. Rde1 Rxe3 30. Rxe3 Kf8 31. g3 Re8 32. Rd3 Rd8 33. Kf1 Qe6
34. Kg2 Qd6 35. Rc3 Kf7 36. Rc5 Qe6 37. Rc3 Qd6 38. Rd3 Rd7 39. Re3 Re7 40.
Rxe7+ Kxe7 41. Qc5 Qxc5 42. bxc5 Kd7 43. Kf3 Kc6 44. Ke3 Kxc5 45. Kd3 d4 46. f4
f5 47. g4 fxg4 48. hxg4 Kd5 49. a4 a5 50. g5 h5 51. f5 h4 52. f6 gxf6 53. g6 Ke6 0-1

[Event "Olimpiade 2014 - Open"]
[Site "Tromsø"]
[Date "06.08.2014"]
[Round "5.57"]
[Board "4"]
[White "Gengler, Pierre"]
[Black "Abrantes, Persson"]
[Result "1-0"]
[BlackTitle "CM"]
[WhiteElo "2173"]
[BlackElo "1986"]
[WhiteTeam "Luxembourg"]
[BlackTeam "Mozambique"]
[WhiteFideId "4000714"]
[BlackFideId "14800063"]
[EventDate "2014.08.02"]

1. e4 e5 2. Nf3 Nc6 3. Bc4 Bc5 4. c3 Nf6 5. d3 h6 6. Nbd2 d6 7. Nf1 a6 8. Bb3
Bg4 9. h3 Bh5 10. Ng3 Bg6 11. O-O Ba7 12. Nh4 Ne7 13. Nxg6 Nxg6 14. Nf5 Kf8 15.
Qf3 c6 16. h4 d5 17. h5 Nf4 18. Bxf4 exf4 19. e5 Nxh5 20. Qxh5 g6 21. Qf3 gxf5
22. Qxf4 Qg5 23. Qb4+ Qe7 24. Qf4 Qe6 25. d4 Rg8 26. Bc2 Rg5 27. g3 Ke7 28. Kg2
Rag8 29. Rh1 h5 30. Rh3 Qg6 31. Rah1 Ke6 32. Bd1 Rh8 33. Qe3 Bb6 34. f4 Rg4 35.
Bxg4 fxg4 36. R3h2 Qc2+ 37. Kf1 Qb1+ 38. Qe1 Qd3+ 39. Kg1 Qf5 40. Qd2 Qb1+ 41.
Kf2 Qf5 42. Ke1 Qe4+ 43. Qe2 Qb1+ 44. Qd1 Qe4+ 45. Kd2 c5 46. Qb3 Ba5 47. Qxb7
Qxd4+ 48. Kc2 Qe4+ 49. Kc1 Qe3+ 50. Rd2 Qf3 51. Qxa6+ Kd7 52. Rhd1 d4 53. Qxa5
Rc8 54. Qb5+ Kd8 55. Rxd4+ cxd4 56. Rxd4+ Ke7 57. Qd7+ Kf8 58. Qxc8+ Kg7 59. Qf5
Qe3+ 60. Kc2 Qxg3 61. e6 Qg2+ 62. Rd2 Qb7 63. exf7 Qe7 64. f8=B+ 1-0

[Event "Olimpiade 2014 - Open"]
[Site "Tromsø"]
[Date "06.08.2014"]
[Round "5.58"]
[Board "1"]
[White "Arias, Daniel"]
[Black "Cilia Vincenti, David"]
[Result "1/2-1/2"]
[WhiteTitle "FM"]
[BlackTitle "CM"]
[WhiteElo "2126"]
[BlackElo "2154"]
[WhiteTeam "El Salvador"]
[BlackTeam "Malta"]
[WhiteFideId "6700640"]
[BlackFideId "5600197"]
[EventDate "2014.08.02"]

1. e4 c5 2. Nf3 e6 3. d4 cxd4 4. Nxd4 a6 5. Nc3 b5 6. g3 Bb7 7. Bg2 Nf6 8. Qe2
b4 9. Na4 Nc6 10. Be3 Qa5 11. b3 Qe5 12. f4 Nxd4 13. fxe5 Nxe2 14. exf6 Nc3 15.
Nxc3 bxc3 16. Bd4 gxf6 17. Bxf6 Rg8 18. Bxc3 f5 19. O-O-O fxe4 20. Kb2 d5 21.
Rhf1 Bc5 22. Be5 Ke7 23. Bf6+ Ke8 24. Bh3 Kd7 25. c4 Kd6 26. Kc3 a5 27. Bg2 e3
28. Bf3 Raf8 29. Be2 Rg6 30. Bd4 Bb4+ 31. Kd3 Rxf1 32. Bxf1 e5 33. Bxe3 d4 34.
Bg1 Kc5 35. Kc2 Bc3 36. a3 Rf6 37. Bd3 Rf7 38. Bf1 Bf3 39. Rb1 Rd7 40. Bf2 e4
41. Bh3 Rd6 42. Bf1 e3 43. Bxe3 dxe3 44. Kxc3 e2 45. b4+ axb4+ 46. axb4+ Kc6 47.
Bxe2 Bxe2 48. Re1 Bg4 49. Re5 Rd1 50. Rc5+ Kd6 51. Rg5 Bf3 52. Rg7 Be4 53. h4
Rd3+ 54. Kb2 Ke5 55. b5 Kd4 56. b6 Kxc4 57. Rc7+ Kb4 58. b7 Rb3+ 59. Ka2 Ra3+
60. Kb2 Rb3+ 61. Ka2 Ra3+ 1/2-1/2

[Event "Olimpiade 2014 - Open"]
[Site "Tromsø"]
[Date "06.08.2014"]
[Round "5.58"]
[Board "2"]
[White "Pace, Colin"]
[Black "Burgos Figueroa, Carlos E."]
[Result "0-1"]
[WhiteTitle "CM"]
[BlackTitle "IM"]
[WhiteElo "2139"]
[BlackElo "2258"]
[WhiteTeam "Malta"]
[BlackTeam "El Salvador"]
[WhiteFideId "5600189"]
[BlackFideId "6700187"]
[EventDate "2014.08.02"]

1. e4 c5 2. Nf3 Nc6 3. d4 cxd4 4. Nxd4 Nf6 5. Nc3 e6 6. Ndb5 Bb4 7. a3 Bxc3+ 8.
Nxc3 d5 9. exd5 exd5 10. Bd3 O-O 11. O-O h6 12. Bf4 Bg4 13. Qd2 d4 14. Ne2 Re8
15. Rfe1 Qd5 16. f3 Bh5 17. Bxh6 Bxf3 18. gxf3 Ne5 19. Rf1 gxh6 20. Qxh6 Nxd3
21. cxd3 Rxe2 22. Qxf6 Qh5 23. h4 Kh7 24. Rf2 Rg8+ 25. Kf1 Re6 26. Qxd4 Qf5 27.
Rg2 Qh3 28. Qf2 Reg6 0-1

[Event "Olimpiade 2014 - Open"]
[Site "Tromsø"]
[Date "06.08.2014"]
[Round "5.58"]
[Board "3"]
[White "Chavez, Ricardo Ernesto"]
[Black "Zerafa, Patrick"]
[Result "1-0"]
[WhiteTitle "FM"]
[BlackTitle "CM"]
[WhiteElo "2165"]
[BlackElo "2079"]
[WhiteTeam "El Salvador"]
[BlackTeam "Malta"]
[WhiteFideId "6700098"]
[BlackFideId "5600375"]
[EventDate "2014.08.02"]

1. e4 e5 2. Nf3 Nc6 3. Bb5 a6 4. Ba4 Nf6 5. d4 exd4 6. O-O Be7 7. Re1 O-O 8. e5
Nd5 9. Bb3 Nb6 10. Nxd4 Nxd4 11. Qxd4 d5 12. exd6 Qxd6 13. Qe3 Bf6 14. Nc3 Bf5
15. Ne4 Bxe4 16. Qxe4 c6 17. Bf4 Qd4 18. Qxd4 Bxd4 19. c3 Bf6 20. Rad1 Rfe8 21.
Be3 Nd5 22. Bxd5 cxd5 23. Rxd5 Rad8 24. Red1 Rxd5 25. Rxd5 Rd8 26. Rxd8+ Bxd8
27. Kf1 Kf8 28. Ke2 Ke7 29. Kd3 Kd6 30. c4 f5 31. Bd4 g6 32. Bg7 Bb6 33. f3 Bg1
34. h3 h5 35. f4 Kc6 36. Bd4 Bh2 37. Be3 Bg3 38. Kd4 Kd6 39. c5+ Ke6 40. b4 Bh4
41. a4 Bd8 42. Kc4 Bc7 43. h4 Bd8 44. g3 Bc7 45. Bd4 Bd8 46. Be5 Be7 47. b5
axb5+ 48. axb5 Bd8 49. Bb8 Ba5 50. c6 bxc6 51. bxc6 Be1 52. Kb5 Bxg3 53. Ka6
Bxh4 54. c7 1-0

[Event "Olimpiade 2014 - Open"]
[Site "Tromsø"]
[Date "06.08.2014"]
[Round "5.58"]
[Board "4"]
[White "Vella, Duncan"]
[Black "Giron, Jorge Ernesto"]
[Result "1/2-1/2"]
[WhiteTitle "CM"]
[BlackTitle "CM"]
[WhiteElo "1979"]
[BlackElo "2103"]
[WhiteTeam "Malta"]
[BlackTeam "El Salvador"]
[WhiteFideId "5600243"]
[BlackFideId "6702309"]
[EventDate "2014.08.02"]

1. e4 c5 2. Nf3 d6 3. Bb5+ Nd7 4. d4 cxd4 5. Qxd4 e5 6. Qd3 h6 7. O-O a6 8.
Bxd7+ Bxd7 9. c4 Nf6 10. Nc3 Be7 11. b3 O-O 12. h3 Bc6 13. Rd1 b5 14. Nd5 Nxd5
15. cxd5 Bd7 16. g4 Rc8 17. Bd2 Qb6 18. Rac1 b4 19. Be3 Qa5 20. Qd2 Rc3 21. Rxc3
bxc3 22. Qc2 Rc8 23. Ne1 Bd8 24. Nd3 h5 25. f3 Bb6 26. Bxb6 Qxb6+ 27. Kg2 Qe3
28. Re1 Qd4 29. a4 h4 30. Rd1 Qe3 31. Nc1 Bxg4 32. hxg4 h3+ 33. Kxh3 Qxf3+ 34.
Kh2 Qf4+ 35. Kh3 Qf3+ 36. Kh2 Qf4+ 37. Kh3 1/2-1/2

[Event "Olimpiade 2014 - Open"]
[Site "Tromsø"]
[Date "06.08.2014"]
[Round "5.59"]
[Board "1"]
[White "Muniz Pardino, Alberto"]
[Black "Machin Rivera, Mark"]
[Result "0-1"]
[BlackTitle "FM"]
[WhiteElo "2106"]
[BlackElo "2341"]
[WhiteTeam "Hong Kong"]
[BlackTeam "Puerto Rico"]
[WhiteFideId "2229560"]
[BlackFideId "3101126"]
[EventDate "2014.08.02"]

1. e4 g6 2. d4 Bg7 3. Nc3 d6 4. Be3 a6 5. a4 b6 6. f4 Bb7 7. Nf3 Nd7 8. Bc4 e6
9. d5 exd5 10. Bxd5 Bxd5 11. exd5 Ne7 12. Nd4 O-O 13. O-O Bxd4 14. Bxd4 Nf5 15.
Rf3 Re8 16. g4 Nxd4 17. Qxd4 Qh4 18. h3 Re1+ 19. Rxe1 Qxe1+ 20. Kg2 Qc1 21. Ne4
Re8 22. Rf2 Qe1 23. Ng3 Nc5 24. b3 Re3 25. Nf1 Re4 26. Qf6 Re2 27. Qd4 Rxf2+ 28.
Qxf2 Qe4+ 29. Kh2 Qxd5 30. Ng3 Ne6 31. f5 Qd4 32. Qg2 Nf4 33. Qa8+ Kg7 34. Qf3
g5 35. Ne4 f6 36. Nf2 d5 37. Nd3 Nxd3 38. cxd3 Qb2+ 39. Kg3 Qxb3 40. Qe3 Qb4 41.
Qe8 Qd6+ 42. Kf3 c5 43. Qc8 c4 44. dxc4 dxc4 45. Qxa6 Qc7 46. Kg2 c3 47. Qf1 c2
48. Qc1 Qc4 0-1

[Event "Olimpiade 2014 - Open"]
[Site "Tromsø"]
[Date "06.08.2014"]
[Round "5.59"]
[Board "2"]
[White "Almedina Ortiz, Edgardo J."]
[Black "Tsang, Hon Ki"]
[Result "1/2-1/2"]
[WhiteTitle "FM"]
[BlackTitle "FM"]
[WhiteElo "2277"]
[BlackElo "2111"]
[WhiteTeam "Puerto Rico"]
[BlackTeam "Hong Kong"]
[WhiteFideId "3100197"]
[BlackFideId "6000185"]
[EventDate "2014.08.02"]

1. e4 Nf6 2. e5 Nd5 3. d4 d6 4. c4 Nb6 5. exd6 cxd6 6. Nc3 g6 7. Be3 Bg7 8. Rc1
Nc6 9. Be2 e5 10. dxe5 dxe5 11. Qxd8+ Kxd8 12. c5 Nd7 13. Bc4 f5 14. Bg5+ Bf6
15. Nf3 e4 16. Rd1 Bxg5 17. Nxg5 Ne5 18. Bb3 Kc7 19. Ne6+ Kb8 20. Nd5 Nd3+ 21.
Kf1 N7xc5 22. Nec7 Nxb3 23. axb3 Rd8 24. Rd2 Nb4 25. Ke2 Nxd5 26. Nxd5 b6 27.
Rc1 Ba6+ 28. Ke3 Rd7 29. g3 Kb7 30. Rcd1 Rad8 31. Nf6 Rd3+ 32. Rxd3 exd3 33. Rd2
h6 34. Kf4 Rc8 35. Nd5 g5+ 36. Ke3 Re8+ 37. Kd4 Rd8 38. Ke5 Re8+ 39. Kd4 Rd8 40.
Ke5 Re8+ 1/2-1/2

[Event "Olimpiade 2014 - Open"]
[Site "Tromsø"]
[Date "06.08.2014"]
[Round "5.59"]
[Board "3"]
[White "Chan, Chak Man"]
[Black "Montalvo Rosario, Alejandro"]
[Result "0-1"]
[WhiteTitle "CM"]
[BlackTitle "IM"]
[WhiteElo "1858"]
[BlackElo "2296"]
[WhiteTeam "Hong Kong"]
[BlackTeam "Puerto Rico"]
[WhiteFideId "6001300"]
[BlackFideId "3100260"]
[EventDate "2014.08.02"]

1. Nf3 d5 2. g3 g6 3. Bg2 Bg7 4. d4 Nf6 5. O-O O-O 6. c4 c6 7. Nc3 Ne4 8. Qb3
dxc4 9. Qxc4 Nd6 10. Qd3 Be6 11. Rd1 Qa5 12. Ng5 Bc4 13. Qc2 h6 14. Nge4 Na6 15.
Nxd6 exd6 16. Ne4 Bd5 17. Bf4 Rad8 18. Qd2 Qxd2 19. Bxd2 Rfe8 20. f3 Bxd4+ 21.
e3 Bg7 22. Nc3 Be6 23. e4 d5 24. Ne2 dxe4 25. fxe4 Bg4 26. Kf1 Nc5 27. h3 Bxe2+
28. Kxe2 Nxe4 0-1

[Event "Olimpiade 2014 - Open"]
[Site "Tromsø"]
[Date "06.08.2014"]
[Round "5.59"]
[Board "4"]
[White "Vazquez Maccarini, Danitza"]
[Black "Wong, Brian"]
[Result "1/2-1/2"]
[WhiteTitle "WIM"]
[WhiteElo "1965"]
[BlackElo "1878"]
[WhiteTeam "Puerto Rico"]
[BlackTeam "Hong Kong"]
[WhiteFideId "3101193"]
[BlackFideId "6001394"]
[EventDate "2014.08.02"]

1. e4 Nf6 2. e5 Nd5 3. d4 d6 4. Nf3 dxe5 5. Nxe5 c6 6. c4 Nc7 7. Nc3 Nd7 8. Nf3
g6 9. Be2 Bg7 10. O-O O-O 11. Be3 Nb6 12. h3 Be6 13. b3 f6 14. Ne4 Bf7 15. Nc5
Qc8 16. Qc2 Nd7 17. Ne4 Ne8 18. Nfd2 f5 19. Ng5 e5 20. Ndf3 e4 21. Nh2 Nc7 22.
Nxf7 Rxf7 23. f4 Ne6 24. Rad1 Qc7 25. Qc1 Rd8 26. d5 cxd5 27. cxd5 Qxc1 28. Rxc1
Nd4 29. Kf2 Nb6 30. Bc4 Nxd5 31. Rfd1 b5 32. Bxd4 bxc4 33. Bxg7 cxb3 34. Be5
bxa2 35. Ra1 Rfd7 36. Rxa2 Nb4 37. Rxd7 Rxd7 38. Ra4 Rd2+ 39. Kg3 Rd3+ 40. Kf2
Rd2+ 41. Ke3 Rxg2 42. Rxb4 Rxh2 43. Rb8+ Kf7 44. Rb7+ Ke6 45. Rxh7 a5 46. Kd4 a4
47. Ra7 Rd2+ 48. Ke3 Rd3+ 49. Ke2 a3 50. Ra6+ Kf7 51. Rf6+ Ke7 52. Rxg6 Rxh3 53.
Rf6 Rh2+ 54. Ke3 Rh3+ 55. Kf2 Rf3+ 56. Ke2 Rxf4 57. Ra6 Rf3 58. Bd6+ Ke6 59.
Rxa3 Rxa3 60. Bxa3 f4 61. Bc1 f3+ 62. Kf2 1/2-1/2

[Event "Olimpiade 2014 - Open"]
[Site "Tromsø"]
[Date "06.08.2014"]
[Round "5.60"]
[Board "1"]
[White "Asefi, Zaheeruddeen"]
[Black "Gateri, Martin"]
[Result "0-1"]
[WhiteTitle "FM"]
[BlackTitle "FM"]
[WhiteElo "1996"]
[BlackElo "2064"]
[WhiteTeam "Afghanistan"]
[BlackTeam "Kenya"]
[WhiteFideId "11700025"]
[BlackFideId "10800174"]
[EventDate "2014.08.02"]

1. d4 d5 2. Nf3 e6 3. c4 Nf6 4. Nc3 c6 5. Bg5 Nbd7 6. e3 Be7 7. Rc1 O-O 8. a3 a6
9. h3 dxc4 10. Bxc4 b5 11. Ba2 Bb7 12. O-O c5 13. Re1 Rc8 14. Bb1 h6 15. Bf4
cxd4 16. exd4 Nb6 17. Be5 Re8 18. Qd3 Nc4 19. Qe2 Bxf3 20. gxf3 g6 21. Kh1 Nxe5
22. dxe5 Nh5 23. Rcd1 Qb6 24. Rg1 Kh7 25. Qe4 Rg8 26. Rd7 Rc7 27. Rd2 Rc4 28.
Qe3 Bc5 29. Qe1 Rh4 30. Kh2 Rf4 31. Be4 Bd4 32. Rg4 Qc5 33. Rxd4 Qxd4 34. Ne2
Rxe4 35. Rxe4 Qxb2 36. Qa5 Rc8 37. Qb4 Rc2 38. Qxb2 Rxb2 39. Re3 g5 40. Kg1 Kg6
41. h4 gxh4 42. Kh2 Ra2 43. Kg1 Rd2 44. Kf1 Kf5 45. Ke1 Rd5 46. f4 Rc5 47. Nd4+
Kxf4 48. Ne2+ Kg5 49. Nc3 Kf5 50. Ne2 Rxe5 51. Rf3+ Kg6 52. Kf1 Rf5 53. Rc3 Nf4
54. Ng1 Rd5 55. Nf3 Rd1+ 56. Ne1 h3 0-1

[Event "Olimpiade 2014 - Open"]
[Site "Tromsø"]
[Date "06.08.2014"]
[Round "5.60"]
[Board "2"]
[White "Atwoli, Joseph"]
[Black "Kooshani, Mahbuboollah"]
[Result "0-1"]
[BlackTitle "FM"]
[WhiteElo "2046"]
[BlackElo "2036"]
[WhiteTeam "Kenya"]
[BlackTeam "Afghanistan"]
[WhiteFideId "10800816"]
[BlackFideId "11700084"]
[EventDate "2014.08.02"]

1. e4 e5 2. Bc4 Nf6 3. d4 exd4 4. Nf3 d5 5. exd5 Nxd5 6. O-O Nc6 7. Ng5 Nce7 8.
Re1 c6 9. Qxd4 h6 10. Ne4 Be6 11. Nc5 Nf5 12. Nxe6 Nxd4 13. Nxd8+ Kxd8 14. Bb3
Bb4 15. Bd2 Nxb3 16. axb3 Re8 17. Nc3 Bxc3 18. bxc3 Rxe1+ 19. Rxe1 Kd7 20. c4
Nc7 21. Bc3 g6 22. f3 Re8 23. Rd1+ Kc8 24. Kf2 Rd8 25. Ra1 a6 26. Re1 Re8 27.
Rxe8+ Nxe8 28. Ke3 Kd7 29. Kd4 b6 30. Ke5 f6+ 31. Kf4 Ke6 32. h4 h5 33. g4 c5
34. Be1 Nd6 35. Bf2 a5 36. Bg3 a4 37. bxa4 Nxc4 38. Be1 Na3 39. c3 Nc4 40. Bf2
Ne5 41. gxh5 gxh5 42. Ke4 f5+ 43. Ke3 Nc4+ 44. Kf4 Kf6 45. Bg1 Nb2 46. a5 bxa5
47. Ke3 Ke5 48. Kd2 c4 49. Bh2+ f4 50. Bg1 Kd5 51. Bd4 Nd3 52. Bf6 Kc5 53. Bd8
Kb5 54. Bc7 Ka4 55. Ke2 Kb5 56. Kd2 a4 57. Bd6 Kc6 58. Bf8 Kd5 59. Ke2 Ke6 60.
Ba3 Ne5 61. Bc1 Kf5 62. Ba3 Ng6 63. Ke1 Nxh4 64. Kf2 Ng6 65. Kg2 Ke5 66. Kh3 Kd5
67. Kg2 Nh4+ 68. Kf2 Nf5 69. Kg2 Nd6 70. Kh3 Nb5 71. Bb2 a3 72. Ba1 Nd6 73. Kh4
Nb7 74. Kg5 Ke5 0-1

[Event "Olimpiade 2014 - Open"]
[Site "Tromsø"]
[Date "06.08.2014"]
[Round "5.60"]
[Board "3"]
[White "Ahmadi, Zabiullah"]
[Black "Ouma, Stephen"]
[Result "1/2-1/2"]
[WhiteElo "2031"]
[BlackElo "2038"]
[WhiteTeam "Afghanistan"]
[BlackTeam "Kenya"]
[WhiteFideId "11700033"]
[BlackFideId "10800824"]
[EventDate "2014.08.02"]

1. e4 e6 2. d4 d5 3. Nc3 dxe4 4. Nxe4 Bd7 5. Nf3 Bc6 6. Bd3 Nd7 7. c3 Ngf6 8.
Bg5 Be7 9. Bxf6 Nxf6 10. Qc2 Bxe4 11. Bxe4 Nxe4 12. Qxe4 Qd5 13. Qxd5 exd5 14.
O-O-O O-O 15. Rhe1 Bd6 16. Re2 Rfe8 17. Rde1 Kf8 18. Kd2 Rxe2+ 19. Rxe2 Re8 20.
Rxe8+ Kxe8 21. Kd3 Ke7 22. b3 h6 23. c4 c6 24. h3 Ke6 25. Nd2 Kf5 26. Nf1 h5 27.
Ne3+ Ke6 28. g3 f5 29. Ng2 g5 30. Ke3 c5 31. f4 g4 32. h4 b6 33. Kd3 cxd4 34.
Ne1 dxc4+ 35. bxc4 Bc5 36. Nc2 Kf6 37. Nxd4 a6 38. a4 a5 39. Ke3 Bb4 40. Nc2
Bc5+ 41. Ke2 Ke6 42. Ne3 Kf6 43. Nd5+ Ke6 44. Ne3 Kf6 45. Nd5+ Ke6 1/2-1/2

[Event "Olimpiade 2014 - Open"]
[Site "Tromsø"]
[Date "06.08.2014"]
[Round "5.61"]
[Board "1"]
[White "Shobaita, Ahmed"]
[Black "Liu, Yeh Yang"]
[Result "1-0"]
[WhiteTitle "CM"]
[WhiteElo "2067"]
[BlackElo "1920"]
[WhiteTeam "Palestine"]
[BlackTeam "Chinese Taipei"]
[WhiteFideId "11500336"]
[BlackFideId "16300416"]
[EventDate "2014.08.02"]

1. Nf3 c5 2. c4 Nc6 3. g3 g6 4. Bg2 Bg7 5. O-O d6 6. Nc3 Nf6 7. d4 cxd4 8. Nxd4
Nxd4 9. Qxd4 O-O 10. Qd3 Bf5 11. e4 Bg4 12. Be3 Qd7 13. Rac1 Rfd8 14. b3 Bh3 15.
Rfd1 Bxg2 16. Kxg2 b6 17. f3 Rac8 18. h4 Qb7 19. a4 Nd7 20. Nd5 Nc5 21. Qc2 Rd7
22. h5 e6 23. Nc3 a6 24. b4 Bxc3 25. Qxc3 Nxe4 26. fxe4 Qxe4+ 27. Kh2 d5 28. Qd4
Qf3 29. h6 Qh5+ 30. Kg1 e5 31. cxd5 Rcd8 32. Qxb6 Qg4 33. Bf2 Rd6 34. Qe3 f6 35.
Qa7 R8d7 36. Qb8+ Rd8 37. Qb7 R6d7 38. Qxa6 Rd6 39. Qb7 R6d7 40. Qc6 Rd6 41. Qc7
R6d7 42. Qc4 Qg5 43. d6+ Kf8 44. Qe6 e4 45. Rc8 f5 46. Qxd7 Rxc8 47. Qxc8+ Kf7
48. Qd7+ Kf8 49. Qg7+ Ke8 50. d7+ Kd8 51. Bb6# 1-0

[Event "Olimpiade 2014 - Open"]
[Site "Tromsø"]
[Date "06.08.2014"]
[Round "5.61"]
[Board "2"]
[White "Yang Ching Wei, Austin"]
[Black "Miswadah, Baha"]
[Result "1-0"]
[WhiteElo "1883"]
[BlackElo "1803"]
[WhiteTeam "Chinese Taipei"]
[BlackTeam "Palestine"]
[WhiteFideId "16300440"]
[BlackFideId "11502118"]
[EventDate "2014.08.02"]

1. e4 c5 2. Nf3 d6 3. c3 Nc6 4. Be2 Nf6 5. d4 cxd4 6. cxd4 e6 7. Nc3 a6 8. O-O
Be7 9. d5 exd5 10. exd5 Ne5 11. Nxe5 dxe5 12. Be3 O-O 13. Qb3 b5 14. Bf3 Bd6 15.
Rac1 Bf5 16. Bg5 Rc8 17. Ne4 Bxe4 18. Bxe4 Be7 19. Rxc8 Qxc8 20. Bxf6 Bxf6 21.
d6 Qd7 22. Rd1 Rc8 23. Qf3 Rc4 24. Bf5 Qd8 25. d7 g6 26. Bh3 Kg7 27. Qb7 Be7 28.
Qxa6 f5 29. Qxb5 Rc5 30. Qb3 Kf6 31. g4 Qc7 32. gxf5 gxf5 33. Qd3 e4 34. Qd4+
Ke6 35. Qxe4+ Kf7 36. Bxf5 Re5 37. Qf3 Bf6 38. Qh5+ Kf8 39. Qh6+ Bg7 40. d8=Q+
Qxd8 41. Rxd8+ 1-0

[Event "Olimpiade 2014 - Open"]
[Site "Tromsø"]
[Date "06.08.2014"]
[Round "5.61"]
[Board "3"]
[White "Tamra, Attallah"]
[Black "Ho, Jei-Chen"]
[Result "1/2-1/2"]
[WhiteElo "2081"]
[BlackElo "1808"]
[WhiteTeam "Palestine"]
[BlackTeam "Chinese Taipei"]
[WhiteFideId "11500255"]
[BlackFideId "16300599"]
[EventDate "2014.08.02"]

1. d4 Nf6 2. Nf3 e6 3. c4 c5 4. g3 cxd4 5. Nxd4 Nc6 6. Nxc6 bxc6 7. Bg2 d5 8.
O-O Bd6 9. Nc3 O-O 10. e4 Ba6 11. Re1 dxe4 12. Nxe4 Nxe4 13. Rxe4 Be7 14. Qc2
Bf6 15. Bf4 Qb6 16. Rb1 Rfd8 17. c5 Qb7 18. Re3 e5 19. Rb3 Qd7 20. Be3 Bd3 21.
Rxd3 Qxd3 22. Qxd3 Rxd3 23. Bxc6 Rad8 24. Bf3 e4 25. Bxe4 Rd1+ 26. Rxd1 Rxd1+
27. Kg2 Bxb2 28. c6 Be5 29. Bxa7 Bc7 30. Be3 Kf8 31. Kf3 g6 32. Ke2 Rd8 33. Bc5+
Ke8 34. Bd3 Rd5 35. Be3 Ra5 36. Bc4 Ke7 37. Kd3 f6 38. Bd2 Ra3+ 39. Bb3 Ra6 40.
Bb4+ Bd6 41. c7 Rc6 42. Ba5 Bxc7 43. Bd5 Rc1 44. Kd2 Bxa5+ 45. Kxc1 Bb6 46. f3
Bg1 47. h3 Bh2 48. g4 Kd6 49. Bg8 h6 50. Kd2 f5 51. Bf7 fxg4 52. hxg4 g5 53. Kd3
Kc7 54. Ke4 Bf4 1/2-1/2